Saldo výdavkov a nákladov rozpočtového hospodárenia - príklady v rozpočtovej organizácii, ktorá je napojená na štátny rozpočet, rozpočet obce alebo rozpočet VÚC
Príklady, ak sa v sledovanom roku bežné výdavky nerovnajú zodpovedajúcim nákladom rozpočtovej organizácie. Príklady účtovania obstarania dlhodobého hmotného majetku a dlhodobého nehmotného majetku a ich odpisov. Saldo výdavkov a nákladov rozpočtového hospodárenia v rozpočtovej organizácii, ktorá je...
Uložené v:
| Hlavný autor: | |
|---|---|
| Médium: | Kapitola |
| Jazyk: | Slovak |
| Predmet: | |
| Tagy: |
Žiadne tagy, Buďte prvý, kto otaguje tento záznam!
|
MARC
| LEADER | 00000naa$a2200000$$$4500 | ||
|---|---|---|---|
| 001 | 0057531 | ||
| 005 | 20240502071641.1 | ||
| 041 | 0 | |a slo | |
| 044 | |a SK | ||
| 245 | 1 | 0 | |a Saldo výdavkov a nákladov rozpočtového hospodárenia - príklady v rozpočtovej organizácii, ktorá je napojená na štátny rozpočet, rozpočet obce alebo rozpočet VÚC |c Antónia Kovalčíková |
| 520 | |a Príklady, ak sa v sledovanom roku bežné výdavky nerovnajú zodpovedajúcim nákladom rozpočtovej organizácie. Príklady účtovania obstarania dlhodobého hmotného majetku a dlhodobého nehmotného majetku a ich odpisov. Saldo výdavkov a nákladov rozpočtového hospodárenia v rozpočtovej organizácii, ktorá je napojená na rozpočet obce alebo rozpočet VÚC. Rozpočtová organizácia napojená na štátny rozpočet. | ||
| 610 | 2 | 0 | |a saldo |
| 610 | 2 | 0 | |a výdavky |
| 610 | 2 | 0 | |a náklady |
| 610 | 2 | 0 | |a organizácie rozpočtové |
| 610 | 2 | 0 | |a majetok dlhodobý |
| 610 | 2 | 0 | |a majetok hmotný |
| 610 | 2 | 0 | |a majetok nehmotný |
| 610 | 2 | 0 | |a účtovanie |
| 610 | 2 | 0 | |a rozpočet štátny |
| 100 | 1 | |a Kovalčíková, Antónia | |